Central Library OPAC University of Rajshahi

The man of mode / (Record no. 17874)

MARC details
000 -LEADER
fixed length control field 00841cam a2200277 i 4500
001 - CONTROL NUMBER
control field 17874
003 - CONTROL NUMBER IDENTIFIER
rucl marc code BD-RjUL
005 - DATE AND TIME OF LATEST TRANSACTION
control field 20211209000214.0
008 - FIXED-LENGTH DATA ELEMENTS--GENERAL INFORMATION
fixed length control field 140219s1973 stk b 000 1 eng d
020 ## - INTERNATIONAL STANDARD BOOK NUMBER
International Standard Book Number 0050026925 :
-- 0050026917
035 ## - SYSTEM CONTROL NUMBER
System control number (BD-RjUL)17932
040 ## - CATALOGING SOURCE
Original cataloging agency DLC
Transcribing agency DLC
Modifying agency DLC
-- BD-RjUL
Language of cataloging eng
041 ## - LANGUAGE CODE
Language code of text/sound track or separate title eng
082 00 - DEWEY DECIMAL CLASSIFICATION NUMBER
Classification number 822.4
Author mark and year ETM 1973
100 1# - MAIN ENTRY--PERSONAL NAME
Personal name Etherege, George,
Dates associated with a name 1636-1691 or 1692.
9 (RLIN) 55168
245 14 - TITLE STATEMENT
Title The man of mode /
Statement of responsibility, etc. by George Etherege ; edited by John Conaghan.
260 ## - PUBLICATION, DISTRIBUTION, ETC. (IMPRINT)
Place of publication, distribution, etc. Edinburgh :
Name of publisher, distributor, etc. Oliver and Boyd,
Date of publication, distribution, etc. 1973.
300 ## - PHYSICAL DESCRIPTION
Pagination [7], 135 p. ;
Size 22 cm.
490 0# - SERIES STATEMENT
Series statement The Fountainwell drama texts ; 23
504 ## - BIBLIOGRAPHY, ETC. NOTE
Bibliography, etc Bibliography: p. [129]-132.
650 #0 - SUBJECT ADDED ENTRY--TOPICAL TERM
Topical term or geographic name as entry element The man of mode
9 (RLIN) 55169
700 1# - ADDED ENTRY--PERSONAL NAME
Personal name Conaghan, John,
Relator term ed.
942 ## - ADDED ENTRY ELEMENTS (KOHA)
Source of classification or shelving scheme Dewey Decimal Classification
Koha item type Books
Holdings
Lost status Source of classification or shelving scheme Damaged status Not for loan Collection code Permanent Location Current Location Shelving location Date acquired Source of acquisition Cost, normal purchase price Total Checkouts Full call number Date last seen Copy number Koha item type
  Dewey Decimal Classification   Not For Loan Fiction Central Library, University of Rajshahi Central Library, University of Rajshahi Reading Room 07/06/1975 Jonathan wren & co. 1.50   822.4 ETM 1973 19/02/2014 C-1 Books
  Dewey Decimal Classification     Fiction Central Library, University of Rajshahi Central Library, University of Rajshahi   07/06/1975 johnathan wren 0.75   822.4 ETM 1973 23/02/2014 C-2 Books